000 00546nam a22001697a 4500
005 20251108175247.0
008 250721s2004 xx 000 0 ara d
082 1 4 _a956.093/عوا
100 1 _aعبدالله، عواد محمود
245 1 0 _aإقامة ((الهيكل ))المزعوم إعلان للحرب الدينية /
264 1 _aعمان :
_bالمؤلف،
_c2004.
300 _a251 ص.
650 1 7 _aتاريخ فلسطين
650 1 7 _aالنزاع العربي الإسرائيلي
942 _2ddc
_cBK
999 _c129970
_d129970